La sobrevivencia de Chile: la conservación de sus recursos naturales renovables
Guardat en:
| Autor principal: | |
|---|---|
| Format: | Llibre |
| Idioma: | espanyol |
| Publicat: |
Santiago
Ministerio de Agricultura
1970
|
| Edició: | 2a. ed |
| Matèries: | |
| Etiquetes: |
Afegir etiqueta
Sense etiquetes, Sigues el primer a etiquetar aquest registre!
|
MARC
| LEADER | 00000nam a2200000 a 4500 | ||
|---|---|---|---|
| 001 | UCR3040 | ||
| 003 | CL-VaPUC | ||
| 008 | 980123e19700000CL |||||||||||||||||spa|d | ||
| 082 | 0 | 4 | |a 333.7 |b ELI |2 21 |
| 100 | |a Elizalde MacClure, Rafael |e author |9 401779 | ||
| 245 | 1 | 3 | |a La sobrevivencia de Chile: la conservación de sus recursos naturales renovables |
| 250 | |a 2a. ed | ||
| 300 | |a 492 p | ||
| 942 | |c BK | ||
| 945 | |d 19980123 00:00:00 |a jquezada | ||
| 260 | |a Santiago |b Ministerio de Agricultura |c 1970 | ||
| 650 | 0 | |a Recursos naturales |9 255232 | |
| 650 | 7 | |a RECURSOS RENOVABLES |2 CL-VaPUC |9 339698 | |
| 650 | 0 | |a Política ambiental |9 262970 | |
| 650 | 7 | |a RECURSOS FORESTALES |2 CL-VaPUC |9 334317 | |
| 650 | 0 | |a Medio ambiente natural |9 338575 | |
| 650 | 7 | |a PARQUES NACIONALES |2 CL-VaPUC |9 332012 | |
| 583 | |a last modification |c 20161003 11:09:59 |k Rodrigo Vera | ||
| 999 | |c 266152 |d 266150 | ||